000 00950nam a22003017a 4500
003 CHAP
005 20220329133452.0
008 971013s1992 r 00010 d
010 _a6716
011 _a7688
035 _a6912
040 _cCHAP
082 _a338.763
_bA8 1992
100 0 0 _aAustin, James E.
_98350
245 _aAgroindustrial project analysis
_b: critical design factors
250 _a2 ed.
260 _aBaltimore :
_bThe Johns Hopkins University,
_c1992
300 _a258 p.
_b; gráfs
590 _aBATCH-UPD
_b10
_c20130110
_lUCH01
_h1257
590 _aBATCH-UPD
_b10
_c20130410
_lUCH01
_h0817
590 _aBATCH-UPD
_b10
_c20130914
_lUCH01
_h0458
590 _aCONVERSION
_b10
_c20130109
_lUCH01
_h1305
650 1 4 _aIndustrias agrícolas.
_957925
650 1 4 _aProyectos industriales.
_992531
901 _aBK
942 _cLIBRO
949 _a338.763 A8 1992
_bBC
_cLIBRO
_d33724000421509
_eLIBRO
_gI.169140
_h84882
_i6912
_si
_t125.00
999 _c6716
_d6716